[Event "BL2 South 0102 (Women)"]
[Site "?"]
[Date "2002.03.02"]
[Round "6.1"]
[White "Gerlach Manuela"]
[Black "Plass Mariana"]
[Result "1-0"]
[WhiteElo "2069"]
[BlackElo "2124"]
[PlyCount "87"]
[EventDate "2002.??.??"]
[Source "www.chesslib.no"]
[SourceDate "2004.05.04"]

1. d4 Nf6 2. Nf3 g6 3. c4 Bg7 4. Nc3 d5 5. e3 O-O 6. Bd3 c5 7. h3 Nc6 8. O-O cxd4 9. exd4 Nb4 10. Be2 Be6 11. a3 Nc6 12. c5 Ne4 13. Bf4 Nxc3 14. bxc3 b6 15. cxb6 axb6 16. Qd2 Na5 17. Rfb1 Nc4 18. Bxc4 dxc4 19. Rb4 Ra6 20. Bh6 Qa8 21. Bxg7 Kxg7 22. Ne5 Rc8 23. a4 f6 24. Ng4 Bxg4 25. hxg4 Qd5 26. Qe2 Rc7 27. Re1 Kf7 28. Qd2 Kg7 29. Qf4 Qd7 30. g5 fxg5 31. Qxg5 Ra5 32. Qf4 Rf5 33. Qg3 Rc6 34. Re5 e6 35. Reb5 Rxb5 36. Rxb5 Qf7 37. Qe5+ Qf6 38. Qb8 Qf8 39. Qb7+ Kh6 40. Qxc6 Qf4 41. Qf3 Qc1+ 42. Kh2 Kg7 43. Qg3 Qa3 44. Rxb6 1-0

[Event "Bad Wörishofen (13.03.-21.03)"]
[Site "?"]
[Date "2003.??.??"]
[Round "4"]
[White "Blaushtain Boris"]
[Black "Stumpf Walter"]
[Result "1/2-1/2"]
[WhiteElo "2153"]
[BlackElo "1996"]
[PlyCount "120"]
[EventDate "2003.??.??"]
[Source "www.chesslib.no"]
[SourceDate "2004.05.04"]

1. c4 Nf6 2. Nc3 d5 3. d4 g6 4. Nf3 Bg7 5. e3 O-O 6. Bd3 c5 7. dxc5 dxc4 8. Bxc4 Qxd1+ 9. Kxd1 Nbd7 10. c6 bxc6 11. Bd2 Nb6 12. Bd3 Rd8 13. Ke2 Ng4 14. Be1 Rb8 15. h3 Ne5 16. Nxe5 Bxe5 17. f4 Bd6 18. Rc1 Nd5 19. Nxd5 Rxb2+ 20. Kf3 cxd5 21. Ba5 Rf8 22. Bc7 Rxa2 23. Bxd6 exd6 24. Rc6 Ra3 25. Rd1 Rd8 26. Ke2 Bb7 27. Rc7 Bc8 28. Rdc1 Bf5 29. Bxf5 gxf5 30. Rc8 Ra2+ 31. Kd3 Rxc8 32. Rxc8+ Kg7 33. Rc6 Rxg2 34. Rxd6 Rh2 35. Rxd5 Kg6 36. Ra5 Rxh3 37. Ra6+ f6 38. Rxa7 Rh2 39. Ra8 Rb2 40. Rg8+ Kf7 41. Rg3 Rb7 42. Rg1 Ra7 43. Ke2 Ra2+ 44. Kf3 Rh2 45. Kg3 Rh6 46. Kf2 Rg6 47. Rh1 Kg7 48. Kf3 Rh6 49. Rg1+ Kf7 50. Ra1 Rh3+ 51. Kf2 Rh4 52. Kg3 Rg4+ 53. Kf3 h5 54. e4 fxe4+ 55. Kxe4 Kg6 56. Kf3 Kh6 57. Ra6 Kg6 58. Ra1 Rh4 59. Kg3 Rg4+ 60. Kf3 Kf5 1/2-1/2

[Event "APCT"]
[Site "APCT"]
[Date "1993.??.??"]
[Round "?"]
[White "Campbell, J. Franklin"]
[Black "Pimm, Daniel"]
[Result "1/2-1/2"]
[WhiteElo "2225"]
[BlackElo "1915"]
[PlyCount "84"]
[EventDate "1993.??.??"]
[Source "www.chesslib.no"]
[SourceDate "2004.05.04"]

1. d4 Nf6 2. c4 g6 3. Nc3 d5 4. Nf3 Bg7 5. e3 O-O 6. Bd3 c5 7. O-O cxd4 8. exd4 Nc6 9. h3 dxc4 10. Bxc4 e6 11. Bg5 b6 12. Qd2 Bb7 13. Rfd1 Nb4 14. Ne5 Rc8 15. Qe2 Nbd5 16. Rac1 h6 17. Bd2 a6 18. Bxa6 Bxa6 19. Qxa6 Ra8 20. Qc4 Nxc3 21. Bxc3 Nd5 22. Qb3 Nf4 23. Kf1 Bxe5 24. dxe5 Qg5 25. g3 Nxh3 26. Qxb6 Rxa2 27. Qd4 Qf5 28. Qe3 Rc8 29. Kg2 Ng5 30. Rh1 Qe4+ 31. Qxe4 Nxe4 32. Rxh6 Rxc3 33. bxc3 Rxf2+ 34. Kg1 Rf5 35. g4 Rxe5 36. Re1 Kg7 37. Rh2 f5 38. c4 Kf6 39. Rhe2 Rc5 40. Rxe4 fxe4 41. Rxe4 Re5 42. Rf4+ Kg5 1/2-1/2

[Event "Mind Sports Games - Rapid Team w"]
[Site "Pechino CINA"]
[Date "2008.10.16"]
[Round "7"]
[White "Vahtra, T."]
[Black "Van Nies, P."]
[Result "0-1"]
[WhiteElo "1961"]
[BlackElo "2165"]
[PlyCount "98"]
[EventDate "2008.10.14"]
[Source "www.chesslib.no"]
[SourceDate "2004.05.04"]

1. c4 Nf6 2. Nc3 d5 3. d4 g6 4. e3 Bg7 5. Nf3 O-O 6. Bd3 dxc4 7. Bxc4 c5 8. d5 Nbd7 9. e4 Nb6 10. Be2 Bg4 11. h3 Bxf3 12. Bxf3 Nfd7 13. O-O Nc4 14. Be2 Nd6 15. Qc2 a6 16. a4 f5 17. exf5 Nxf5 18. Bc4 Kh8 19. Ne4 Nd4 20. Qd1 Ne5 21. Ba2 Qc7 22. f4 Nd7 23. Qd3 Nf5 24. Ng5 Qb6 25. Kh2 Nd4 26. Rb1 Nf6 27. Ne6 Nxe6 28. dxe6 Rad8 29. Qc4 Nd5 30. Bd2 Qd6 31. Rbd1 Qc6 32. Bc3 Nxc3 33. bxc3 b5 34. Qe2 Rxd1 35. Qxd1 c4 36. axb5 axb5 37. Qc2 Qxe6 38. Bb1 Qd6 39. g3 Rd8 40. Rf2 Qa3 41. Rf3 b4 42. Qe2 bxc3 43. Qxc4 Qb2+ 44. Kg1 Qxb1+ 45. Rf1 Qd3 46. Qe6 Qxg3+ 47. Kh1 Bf6 48. Qe4 Rd2 49. Qa8+ Kg7 0-1

[Event "HUN-chT2 0203 Maroczy"]
[Site "?"]
[Date "2002.09.22"]
[Round "1"]
[White "Juhasz Zsuzsanna"]
[Black "Szoukup Helga"]
[Result "1-0"]
[WhiteElo "2040"]
[BlackElo "2072"]
[PlyCount "115"]
[EventDate "2002.??.??"]
[Source "www.chesslib.no"]
[SourceDate "2004.05.04"]

1. d4 Nf6 2. c4 g6 3. Nf3 d5 4. e3 Bg7 5. Nc3 O-O 6. Bd3 c6 7. O-O Nbd7 8. Re1 dxc4 9. Bxc4 c5 10. Qe2 cxd4 11. exd4 Nb6 12. Bb3 e6 13. Bg5 Nbd7 14. Ne5 h6 15. Bh4 g5 16. Bg3 Nb6 17. Rad1 Nfd5 18. Bc2 Nxc3 19. bxc3 Nd5 20. c4 Nb4 21. Bb1 Nc6 22. Nxc6 bxc6 23. Be5 f6 24. Qe4 f5 25. Qxc6 Bd7 26. Qd6 Rc8 27. Bxg7 Kxg7 28. d5 Ba4 29. Qe5+ Qf6 30. Qxf6+ Rxf6 31. Rc1 exd5 32. cxd5 Rd8 33. Re7+ Rf7 34. Rxf7+ Kxf7 35. Bxf5 Rxd5 36. Be4 Rd2 37. h3 Kf6 38. a3 Rd1+ 39. Rxd1 Bxd1 40. Kf1 Ke5 41. Ke1 Ba4 42. Bg6 Bc6 43. f3 Kd4 44. Kd2 Bd5 45. Be8 Bc4 46. g3 Be6 47. h4 Kc4 48. hxg5 hxg5 49. Ke3 Bd5 50. f4 gxf4+ 51. Kxf4 Kb3 52. a4 Kb4 53. g4 Kc5 54. Ke5 Bb3 55. g5 Bc2 56. g6 Kb4 57. g7 Bh7 58. Kf6 1-0

[Event "Mayors Cup Open"]
[Site "Mumbai IND"]
[Date "2008.05.12"]
[Round "2"]
[White "Anup, K."]
[Black "Nadig, K."]
[Result "1/2-1/2"]
[WhiteElo "1888"]
[BlackElo "2213"]
[PlyCount "108"]
[EventDate "2008.05.11"]
[Source "www.chesslib.no"]
[SourceDate "2004.05.04"]

1. d4 Nf6 2. c4 g6 3. Nc3 d5 4. Nf3 Bg7 5. e3 O-O 6. Bd3 dxc4 7. Bxc4 Nbd7 8. O-O Nb6 9. Bd3 Nfd5 10. Nxd5 Nxd5 11. b3 c5 12. Bb2 Nb4 13. Bc4 Nc6 14. h3 Bf5 15. Qe2 cxd4 16. Nxd4 Nxd4 17. Bxd4 Bxd4 18. Rad1 e5 19. exd4 exd4 20. Qd2 b5 21. Bxb5 Qb6 22. Bc4 Rad8 23. Qf4 Be6 24. Bxe6 fxe6 25. Qe4 Rd6 26. Rd3 Qc5 27. f4 Qc2 28. Rf2 Qc1+ 29. Kh2 Rfd8 30. h4 Qc5 31. g4 Rc6 32. Rfd2 Rcd6 33. Rh3 d3 34. h5 Qc3 35. Qe3 Qd4 36. hxg6 hxg6 37. Qxd4 Rxd4 38. Kg3 g5 39. fxg5 e5 40. Kf3 Kg7 41. Ke3 Kg6 42. Rf3 Rxg4 43. Rf6+ Kxg5 44. Rf7 Kg6 45. Rxa7 Rdd4 46. Ra4 Rge4+ 47. Kf2 Rf4+ 48. Ke3 Rfe4+ 49. Kf2 Rxa4 50. bxa4 Rxa4 51. Ke3 e4 52. Rf2 Kg5 53. Rd2 Kg4 54. Rf2 Kg3 1/2-1/2

[Event "It women"]
[Site "It women Novi Sad"]
[Date "1981.??.??"]
[Round "10"]
[White "Markov, Vesna"]
[Black "Richtrova, Eliska"]
[Result "1/2-1/2"]
[WhiteElo "1860"]
[BlackElo "2230"]
[PlyCount "70"]
[EventDate "1981.??.??"]
[Source "www.chesslib.no"]
[SourceDate "2004.05.04"]

1. d4 Nf6 2. c4 g6 3. Nc3 d5 4. e3 Bg7 5. Nf3 O-O 6. Bd3 b6 7. O-O Bb7 8. cxd5 Nxd5 9. Bd2 Nd7 10. Nxd5 Bxd5 11. Rc1 e5 12. Nxe5 Nxe5 13. dxe5 Bxg2 14. Kxg2 Qxd3 15. Bc3 Qf5 16. Qf3 Qe6 17. b3 Bxe5 18. Bxe5 Qxe5 19. Qc6 Rad8 20. Qxc7 Qe4+ 21. Kg1 Rd5 22. Rfe1 Rg5+ 23. Kf1 Re8 24. Red1 Rf5 25. Qg3 Rf3 26. Qg5 Rf5 27. Qg3 h6 28. Rc4 Qb7 29. Ke2 Qa6 30. a4 Qb7 31. Rd6 Rg5 32. Qf3 Qe7 33. Qf6 Rg2 34. Qxe7 Rxe7 35. h4 Rh2 1/2-1/2

[Event "St Petersburg RUS"]
[Site "?"]
[Date "2005.05.17"]
[Round "2"]
[White "Stroganov Ana"]
[Black "Orlov Ana"]
[Result "0-1"]
[WhiteElo "1969"]
[BlackElo "2102"]
[PlyCount "58"]
[EventDate "2005.??.??"]
[Source "www.chesslib.no"]
[SourceDate "2004.05.04"]

1. d4 Nf6 2. Nf3 g6 3. c4 Bg7 4. Nc3 d5 5. e3 O-O 6. Bd3 c5 7. O-O cxd4 8. exd4 Nc6 9. c5 Bf5 10. Bxf5 gxf5 11. Ne5 Ne4 12. f4 e6 13. Rf3 h6 14. Be3 Kh7 15. Rh3 Qe8 16. g4 fxg4 17. Nxg4 Rg8 18. Nxe4 dxe4 19. Kh1 Rd8 20. f5 exf5 21. Rxh6+ Bxh6 22. Nf6+ Kg6 23. Nxe8 Bxe3 24. Nd6 Nxd4 25. Qf1 Rh8 26. Qc4 Rxd6 27. cxd6 Nf3 28. Kg2 Rxh2+ 29. Kg3 Kg5 0-1

[Event "Corr"]
[Site "?"]
[Date "2000.07.??"]
[Round "?"]
[White "Lysik Jan"]
[Black "Hudec Dusan"]
[Result "0-1"]
[WhiteElo "2020"]
[BlackElo "2050"]
[PlyCount "48"]
[EventDate "2000.??.??"]
[Source "www.chesslib.no"]
[SourceDate "2004.05.04"]

1. d4 Nf6 2. c4 g6 3. Nc3 d5 4. Nf3 Bg7 5. e3 O-O 6. Bd3 c5 7. O-O cxd4 8. exd4 Nc6 9. c5 Bg4 10. Be3 Bxf3 11. Qxf3 e5 12. Bb5 Nxd4 13. Bxd4 exd4 14. Ne2 Qa5 15. Bd3 Qxc5 16. Rfd1 Rfe8 17. Ng3 Rac8 18. Rab1 Nd7 19. b4 Qc6 20. Ne2 Ne5 21. Qh3 Nxd3 22. Qxd3 Qc2 23. Nc1 Bh6 24. Nb3 Re1+ 0-1

[Event "Bad Bevensen (19.06.-27.06)"]
[Site "?"]
[Date "2004.06.20"]
[Round "2.16"]
[White "Patzer Joachim"]
[Black "Davydov Mikhail"]
[Result "0-1"]
[WhiteElo "2020"]
[BlackElo "1978"]
[PlyCount "85"]
[EventDate "2004.??.??"]
[Source "www.chesslib.no"]
[SourceDate "2004.05.04"]

1. d4 Nf6 2. c4 g6 3. Nc3 d5 4. Nf3 Bg7 5. e3 O-O 6. Bd3 c5 7. O-O Nc6 8. cxd5 Nxd5 9. Nxd5 Qxd5 10. e4 Qd6 11. dxc5 Qxc5 12. Be3 Qa5 13. Bd2 Qb6 14. Rb1 Be6 15. a3 Rfd8 16. Qe2 Qb3 17. Bb5 Rac8 18. Rfc1 Nd4 19. Nxd4 Bxd4 20. Rxc8 Rxc8 21. Qd3 Qxd3 22. Bxd3 Rd8 23. Bb4 Kf8 24. Be2 Bb3 25. Bc3 Bc2 26. Rc1 Bxe4 27. Bxd4 Rxd4 28. Rc4 Rxc4 29. Bxc4 e6 30. f3 Bd5 31. Bd3 Ke7 32. Kf2 Kd6 33. f4 Kc5 34. Bc2 b5 35. Ke2 a5 36. Kd2 f6 37. Bd1 e5 38. fxe5 fxe5 39. g3 Kd4 40. Be2 Bc4 41. Bf3 e4 42. Bg2 e3+ 43. Ke1 0-1

[Event "Dresden (23.02.-01.03)"]
[Site "?"]
[Date "2003.??.??"]
[Round "?"]
[White "Kristiansen Erling"]
[Black "Morgner Siegfried"]
[Result "0-1"]
[WhiteElo "2241"]
[BlackElo "1728"]
[PlyCount "56"]
[EventDate "2003.??.??"]
[Source "www.chesslib.no"]
[SourceDate "2004.05.04"]

1. Nf3 Nf6 2. d4 g6 3. c4 Bg7 4. Nc3 d5 5. e3 O-O 6. Bd3 c5 7. O-O cxd4 8. exd4 Nc6 9. h3 h6 10. Re1 e6 11. a3 b6 12. cxd5 Nxd5 13. Bb5 Bb7 14. Bxc6 Bxc6 15. Ne5 Bb7 16. Qd3 Rc8 17. Bd2 Ne7 18. g4 Nc6 19. Nxc6 Bxc6 20. Be3 Qh4 21. Kh2 f5 22. gxf5 Rxf5 23. f4 Rxf4 24. Rf1 Rf5 25. Rxf5 gxf5 26. Rg1 Kh8 27. Rg6 Rg8 28. Qc4 Be5+ 0-1

[Event "RLSW_Sonthofen1-Unterhaching1"]
[Site "?"]
[Date "2005.04.10"]
[Round "9.6"]
[White "Albrecht Stefan[74Rgbg"]
[Black "Svoboda Milan"]
[Result "0-1"]
[WhiteElo "1981"]
[BlackElo "1981"]
[PlyCount "80"]
[EventDate "2005.??.??"]
[Source "www.chesslib.no"]
[SourceDate "2004.05.04"]

1. d4 Nf6 2. c4 g6 3. Nc3 d5 4. e3 Bg7 5. Nf3 O-O 6. Bd3 b6 7. O-O Bb7 8. b3 c5 9. Bb2 e6 10. Rc1 Nbd7 11. Na4 Rc8 12. Ba3 dxc4 13. Bxc4 Qe7 14. Qe2 Rfd8 15. Ba6 Bxa6 16. Qxa6 Rc7 17. dxc5 Nxc5 18. Nxc5 bxc5 19. Qc4 Rdc8 20. Nd4 Nd5 21. Nb5 Rc6 22. Qa4 Qb7 23. e4 Nf4 24. Qc4 Qa6 25. g3 Nh3+ 26. Kg2 Ng5 27. b4 Rb6 28. h4 Nxe4 29. Qxe4 Rxb5 30. Qd3 Qc6+ 31. Kh2 c4 32. Qe3 Rd5 33. Rfd1 h5 34. Rd2 Rcd8 35. Rdc2 Rd3 36. Rxc4 Rxe3 37. Rxc6 Rxa3 38. R1c2 Rb8 39. Rc8+ Rxc8 40. Rxc8+ Bf8 0-1

[Event "GER Team Ch Seniors MM-dLV"]
[Site "?"]
[Date "2001.08.13"]
[Round "2.4"]
[White "Litterst Reinhard"]
[Black "Gergs Wolfgang"]
[Result "1-0"]
[WhiteElo "1876"]
[BlackElo "2073"]
[PlyCount "67"]
[EventDate "2001.??.??"]
[Source "www.chesslib.no"]
[SourceDate "2004.05.04"]

1. d4 Nf6 2. Nf3 g6 3. c4 Bg7 4. Nc3 d5 5. e3 O-O 6. Bd3 dxc4 7. Bxc4 c5 8. h3 a6 9. a4 Qc7 10. Qe2 cxd4 11. exd4 Nc6 12. Be3 Bf5 13. O-O Rac8 14. Ba2 Nb4 15. Bb1 Be6 16. Rc1 Qd6 17. Qd2 Nbd5 18. Ra3 Nxe3 19. fxe3 Bh6 20. Ne5 Nd5 21. Nxd5 Rxc1+ 22. Qxc1 Bxd5 23. Rc3 Bg7 24. Nd3 e5 25. dxe5 Bxe5 26. Nxe5 Qxe5 27. Qd2 Bc6 28. Bc2 Re8 29. Bb3 Qa5 30. Qf2 Re7 31. Qf6 Rd7 32. Rd3 Qf5 33. Bxf7+ Rxf7 34. Rd8+ 1-0

[Event "FRA-chT N2"]
[Site "?"]
[Date "2002.12.08"]
[Round "4.8"]
[White "Labat Christian"]
[Black "Glod Philippe"]
[Result "0-1"]
[WhiteElo "1760"]
[BlackElo "2172"]
[PlyCount "60"]
[EventDate "2002.??.??"]
[Source "www.chesslib.no"]
[SourceDate "2004.05.04"]

1. d4 Nf6 2. c4 g6 3. Nc3 d5 4. Nf3 Bg7 5. e3 O-O 6. Bd3 c5 7. O-O cxd4 8. Nxd4 Nc6 9. Nxc6 bxc6 10. Qc2 Rb8 11. b3 Ng4 12. Bb2 Ne5 13. Rfd1 Nxd3 14. Rxd3 Ba6 15. e4 d4 16. Ne2 c5 17. Rdd1 Qc7 18. Nc1 Bb7 19. Re1 f5 20. f3 fxe4 21. fxe4 Be5 22. h3 Bh2+ 23. Kh1 Bg3 24. Nd3 Bxe1 25. Rxe1 Bxe4 26. Qe2 Bxd3 27. Qxd3 Qd6 28. Bc1 Rf5 29. Bh6 Re8 30. g4 Rf2 0-1

[Event "XVIII Camp. europeo U18 fem."]
[Site "Herceg Novi MNE"]
[Date "2008.09.24"]
[Round "9.22"]
[White "Dvoranova, Maria"]
[Black "Purgar, Ivona"]
[Result "0-1"]
[WhiteElo "1891"]
[BlackElo "2026"]
[PlyCount "82"]
[EventDate "2008.09.15"]
[Source "www.chesslib.no"]
[SourceDate "2004.05.04"]

1. d4 Nf6 2. c4 g6 3. Nf3 Bg7 4. Nc3 d5 5. e3 O-O 6. Bd3 c5 7. dxc5 dxc4 8. Bxc4 Qa5 9. O-O Qxc5 10. Bb3 Nc6 11. Bd2 Rd8 12. h3 Bf5 13. Rc1 e5 14. Ng5 Rf8 15. e4 Bd7 16. Be3 Qe7 17. Nb5 Nh5 18. h4 Nd4 19. Nxd4 exd4 20. Bxd4 Bxd4 21. Qxd4 Bb5 22. Rfe1 Nf4 23. Bc4 Bxc4 24. Rxc4 Rad8 25. Qe3 Nd3 26. Re2 Ne5 27. Rc1 Rd3 28. Qf4 h6 29. Nf3 Nxf3+ 30. gxf3 Kg7 31. Rc7 Qe6 32. Qg3 Qxa2 33. Qe5+ Kg8 34. Re1 Rxf3 35. Rxb7 Qa6 36. Re7 Qc8 37. Qh2 Rh3 38. Qf4 Qc5 39. Rc7 Qh5 40. Rxa7 Rxh4 41. Qe3 Rh3 0-1

[Event "Dreifluesse op 8th"]
[Site "Passau"]
[Date "2000.04.21"]
[Round "1"]
[White "Turuncic, Bojan"]
[Black "Tietzen, Stefan"]
[Result "0-1"]
[WhiteElo "1736"]
[BlackElo "2159"]
[PlyCount "96"]
[EventDate "2000.04.21"]
[Source "ChessBase"]
[SourceDate "2000.07.11"]

1. d4 Nf6 2. c4 g6 3. Nc3 d5 4. Nf3 Bg7 5. e3 O-O 6. Bd3 c5 7. Qc2 Nc6 8. a3 cxd4 9. exd4 dxc4 10. Bxc4 Nxd4 11. Nxd4 Qxd4 12. Qb3 Qe5+ 13. Ne2 Ne4 14. O-O Nc5 15. Qa2 Bf5 16. Nc3 e6 17. Bg5 Nd3 18. Bxd3 Bxd3 19. Rfd1 Qxg5 20. Rxd3 Rfd8 21. Ne4 Qb5 22. Rb3 Qe2 23. Ng3 Rd1+ 24. Rxd1 Qxd1+ 25. Nf1 Rc8 26. Rxb7 Rc1 27. Rb8+ Bf8 28. h3 Qxf1+ 29. Kh2 Qxf2 30. Qb3 Qf4+ 31. Qg3 Qxg3+ 32. Kxg3 Kg7 33. Rb7 Bc5 34. Kf3 Bb6 35. a4 Rc7 36. Rb8 h5 37. Ra8 Rc4 38. a5 Bg1 39. Rb8 Rc5 40. b4 Rc3+ 41. Ke2 Rb3 42. Rb7 Rb2+ 43. Kf3 g5 44. g3 Kg6 45. Ke4 f5+ 46. Kf3 e5 47. g4 e4+ 48. Kg3 f4# 0-1

[Event "AUT-chT2S 9697"]
[Site "Austria"]
[Date "1996.??.??"]
[Round "3"]
[White "Zisser, J."]
[Black "Tschurl, Martin"]
[Result "0-1"]
[WhiteElo "2010"]
[BlackElo "1885"]
[PlyCount "22"]
[EventDate "1996.??.??"]
[Source "www.chesslib.no"]
[SourceDate "2004.05.04"]

1. d4 Nf6 2. Nf3 g6 3. e3 Bg7 4. c4 O-O 5. Nc3 d5 6. Bd3 c5 7. cxd5 cxd4 8. Nxd4 Nxd5 9. Qb3 Nxc3 10. Qxc3 e5 11. Nb5 e4 0-1

[Event "Regionalliga NW 9495"]
[Site "Bayern"]
[Date "1994.??.??"]
[Round "7"]
[White "Schneider, Bernd"]
[Black "Schilling, Frank"]
[Result "1/2-1/2"]
[WhiteElo "2000"]
[BlackElo "1865"]
[PlyCount "44"]
[EventDate "1994.10.??"]
[Source "www.chesslib.no"]
[SourceDate "2004.05.04"]

1. d4 Nf6 2. c4 g6 3. Nc3 d5 4. e3 Bg7 5. Nf3 O-O 6. Bd3 b6 7. O-O Bb7 8. Ne5 e6 9. Qc2 Nbd7 10. f4 c5 11. Rd1 Rc8 12. Nb5 Ra8 13. Nd6 Qc7 14. Nxb7 Qxb7 15. cxd5 exd5 16. Bb5 Rac8 17. Qa4 Nb8 18. dxc5 bxc5 19. Bd3 Rfd8 20. Bd2 Nfd7 21. Nxd7 Rxd7 22. Bc3 c4 1/2-1/2

[Event "Dresden (23.02.-01.03)"]
[Site "?"]
[Date "2003.??.??"]
[Round "?"]
[White "Morgner Siegfried"]
[Black "Beckel Friedrich"]
[Result "1-0"]
[WhiteElo "1728"]
[BlackElo "2127"]
[PlyCount "59"]
[EventDate "2003.??.??"]
[Source "www.chesslib.no"]
[SourceDate "2004.05.04"]

1. Nf3 Nf6 2. d4 g6 3. c4 Bg7 4. Nc3 d5 5. e3 O-O 6. Bd3 c5 7. O-O cxd4 8. exd4 Nc6 9. a3 Bg4 10. Be3 Rc8 11. cxd5 Nxd5 12. Be4 Nxc3 13. bxc3 Na5 14. h3 Bxf3 15. Qxf3 b6 16. Bf4 Qd7 17. Ra2 Qa4 18. Rc1 Rfd8 19. Bg5 Rd7 20. Bd5 e6 21. Be4 Qb3 22. Rcc2 Bf8 23. a4 Rdc7 24. Bd2 Nc4 25. Bc1 Ba3 26. Rxa3 Nxa3 27. Qf6 Kf8 28. Bg5 Ke8 29. Bc6+ Rxc6 30. Qe7# 1-0

[Event "Corr"]
[Site "?"]
[Date "2000.12.17"]
[Round "?"]
[White "Pulkkinen Marko"]
[Black "Rossi Giovanni"]
[Result "0-1"]
[WhiteElo "1856"]
[BlackElo "1992"]
[PlyCount "94"]
[EventDate "2000.??.??"]
[Source "www.chesslib.no"]
[SourceDate "2004.05.04"]

1. d4 Nf6 2. c4 g6 3. Nc3 d5 4. Nf3 Bg7 5. e3 O-O 6. Bd3 c5 7. O-O dxc4 8. Bxc4 cxd4 9. exd4 Bg4 10. Be3 Nc6 11. Be2 Nd5 12. Nxd5 Qxd5 13. h3 Bf5 14. Qa4 Qa5 15. Qxa5 Nxa5 16. Bd2 Nc6 17. d5 Nd4 18. Nxd4 Bxd4 19. Bc3 Bc5 20. Bf3 Rfd8 21. Rfe1 Rac8 22. Rad1 h6 23. Bd2 Kg7 24. Bc3+ Kf8 25. Bd2 g5 26. h4 f6 27. hxg5 hxg5 28. a3 g4 29. Bh6+ Kf7 30. Be2 Rh8 31. Be3 Bxe3 32. fxe3 Rc2 33. b4 Be4 34. d6 exd6 35. Rxd6 Ke7 36. Rd4 f5 37. Rc4 Ra2 38. Rc3 Rd8 39. Kf1 Rdd2 40. b5 g3 41. b6 axb6 42. Rc7+ Kf6 43. Rc3 Kg5 44. Rb3 Rdc2 45. a4 b5 46. axb5 b6 47. Rbb1 Rxe2 0-1

[Event "It (Open) Metz FRA"]
[Site "?"]
[Date "2006.04.26"]
[Round "5"]
[White "Baudry Alain"]
[Black "Maruejols Claude"]
[Result "0-1"]
[WhiteElo "1797"]
[BlackElo "2035"]
[PlyCount "54"]
[EventDate "2006.??.??"]
[Source "www.chesslib.no"]
[SourceDate "2004.05.04"]

1. d4 Nf6 2. Nf3 g6 3. c4 Bg7 4. Nc3 d5 5. e3 O-O 6. Bd3 c5 7. cxd5 cxd4 8. Nxd4 Nxd5 9. Nce2 e5 10. Nc2 Nc6 11. O-O Be6 12. Bc4 Na5 13. Bxd5 Bxd5 14. Nc3 Bc4 15. Re1 Qc7 16. Nb4 Rad8 17. Qf3 Qc5 18. a3 Nb3 19. Rb1 a5 20. Nba2 Bd3 21. Qxb7 Bxb1 22. Nxb1 Nxc1 23. Nxc1 Qc2 24. Nc3 Rb8 25. Qe7 Rxb2 26. N1e2 Rc8 27. Nd5 Qxe2 0-1

[Event "ESP-Chjr(w)"]
[Site "Sevilla"]
[Date "1999.??.??"]
[Round "8"]
[White "Fidalgo Garcia, S."]
[Black "Pina Sierra, J."]
[Result "0-1"]
[WhiteElo "1885"]
[BlackElo "1925"]
[PlyCount "46"]
[EventDate "1999.07.??"]
[Source "www.chesslib.no"]
[SourceDate "2004.05.04"]

1. d4 Nf6 2. c4 g6 3. Nc3 d5 4. e3 Bg7 5. Nf3 O-O 6. Bd3 c6 7. Qc2 Bg4 8. h3 Bxf3 9. gxf3 Na6 10. c5 Nb4 11. Qe2 Nxd3+ 12. Qxd3 e5 13. Bd2 exd4 14. exd4 Nh5 15. O-O-O Qh4 16. Be3 f5 17. Rdf1 Nf4 18. Qd2 Ne6 19. f4 Qf6 20. Ne2 b6 21. Qc2 bxc5 22. dxc5 Rab8 23. b3 Rfd8 0-1

[Event "GER Cup Amateur GrB 2nd"]
[Site "?"]
[Date "2001.??.??"]
[Round "8"]
[White "Dorozala Jean Pierre"]
[Black "Hauck Bjoern"]
[Result "0-1"]
[WhiteElo "1855"]
[BlackElo "1896"]
[PlyCount "62"]
[EventDate "2001.??.??"]
[Source "www.chesslib.no"]
[SourceDate "2004.05.04"]

1. d4 Nf6 2. c4 g6 3. Nc3 d5 4. e3 Bg7 5. Nf3 O-O 6. Bd3 c6 7. Ne5 Nbd7 8. f4 dxc4 9. Bxc4 Nxe5 10. fxe5 Nd7 11. O-O e6 12. Ne4 c5 13. Nd6 cxd4 14. exd4 Nb6 15. b3 Nxc4 16. bxc4 f6 17. Bf4 fxe5 18. Bxe5 Bxe5 19. dxe5 Bd7 20. Rxf8+ Qxf8 21. Nxb7 Bc6 22. Nd6 Qf4 23. Qe1 Qd4+ 24. Kh1 Rf8 25. Rd1 Qb2 26. Qg3 Rf2 27. Qg5 Bxg2+ 28. Kg1 Qb6 29. Qxg2 Rd2+ 30. Kf1 Rxd1+ 31. Ke2 Qb2+ 0-1

[Event "EVT97(R3-T17)"]
[Site "?"]
[Date "1997.??.??"]
[Round "?"]
[White "ESCAFRE, S."]
[Black "LAURAIN, D."]
[Result "0-1"]
[WhiteElo "1630"]
[BlackElo "2110"]
[PlyCount "50"]
[EventDate "1997.??.??"]
[Source "www.chesslib.no"]
[SourceDate "2004.05.04"]

1. d4 Nf6 2. c4 g6 3. Nf3 Bg7 4. Nc3 d5 5. e3 O-O 6. Bd3 c5 7. cxd5 cxd4 8. Nxd4 Nxd5 9. Bd2 e5 10. Nf3 Nb4 11. Bc4 Nd3+ 12. Bxd3 Qxd3 13. Qe2 Qxe2+ 14. Kxe2 Be6 15. Rhd1 Nc6 16. Ne4 Bc4+ 17. Ke1 f5 18. Nd6 Ba6 19. Bc3 Rad8 20. Rd5 e4 21. Bxg7 exf3 22. Bxf8 fxg2 23. Kd2 Bf1 24. Ke1 g1=Q 25. Rd2 Ba6# 0-1

[Event "GER-chT U20"]
[Site "?"]
[Date "2001.12.27"]
[Round "3.5"]
[White "Colpe Helge"]
[Black "Arab Baha Eldin"]
[Result "1/2-1/2"]
[WhiteElo "1903"]
[BlackElo "1827"]
[PlyCount "60"]
[EventDate "2001.??.??"]
[Source "www.chesslib.no"]
[SourceDate "2004.05.04"]

1. d4 Nf6 2. c4 g6 3. Nc3 d5 4. Nf3 Bg7 5. e3 O-O 6. Bd3 c5 7. O-O Nc6 8. dxc5 dxc4 9. Bxc4 Qa5 10. a3 Qxc5 11. Ba2 Bg4 12. h3 Rad8 13. Qe2 Bxf3 14. Qxf3 Ne5 15. Qxb7 Rb8 16. Qa6 Rfd8 17. Na4 Qc7 18. b4 Ne4 19. Bb2 Nd2 20. Rac1 Qd7 21. Bxe5 Bxe5 22. Rfd1 Nf3+ 23. Kf1 Qxd1+ 24. Rxd1 Rxd1+ 25. Ke2 Rd2+ 26. Kxf3 Rxa2 27. Nc5 Bd6 28. Nd7 Rd8 29. Qxa7 Bxb4 30. Qc7 Ba5 1/2-1/2

[Event "Open S05 (corr)"]
[Site "Open S05 (corr)"]
[Date "1993.??.??"]
[Round "?"]
[White "Ortenzi, E."]
[Black "Costa, Fernando J M"]
[Result "0-1"]
[WhiteElo "1860"]
[BlackElo "1840"]
[PlyCount "68"]
[EventDate "1993.??.??"]
[Source "www.chesslib.no"]
[SourceDate "2004.05.04"]

1. d4 Nf6 2. c4 g6 3. Nc3 d5 4. Nf3 Bg7 5. e3 O-O 6. Bd3 c5 7. O-O cxd4 8. exd4 Nc6 9. h3 dxc4 10. Bxc4 Bf5 11. Be3 Rc8 12. Be2 Qa5 13. a3 Rfd8 14. b4 Qc7 15. Rc1 Qb8 16. Qb3 Ne4 17. Rfd1 Nxc3 18. Rxc3 Be4 19. Ng5 Bd5 20. Bc4 e6 21. Bxd5 Rxd5 22. Rcd3 Rcd8 23. Nf3 Qd6 24. b5 Ne5 25. dxe5 Rxd3 26. exd6 Rxb3 27. d7 Rxb5 28. Bxa7 Rd5 29. Rb1 b5 30. Bb6 R8xd7 31. Ba5 Rd1+ 32. Rxd1 Rxd1+ 33. Kh2 Ra1 34. Bb4 Bb2 0-1

[Event "Latham,NY"]
[Site "?"]
[Date "2004.01.23"]
[Round "1"]
[White "Osgood Brian"]
[Black "Battes Lee T"]
[Result "0-1"]
[WhiteElo "1681"]
[BlackElo "2013"]
[PlyCount "38"]
[EventDate "2004.??.??"]
[Source "www.chesslib.no"]
[SourceDate "2004.05.04"]

1. d4 Nf6 2. c4 g6 3. Nf3 Bg7 4. Nc3 d5 5. e3 O-O 6. Bd3 dxc4 7. Bxc4 a6 8. a4 c5 9. O-O Nc6 10. dxc5 Qa5 11. Ra3 Qxc5 12. Ba2 Rd8 13. Qe2 Nb4 14. Bb1 Be6 15. Nd4 Bc4 16. Nb3 Bxe2 17. Nxc5 Bxf1 18. Kxf1 Rac8 19. Ke2 Rxc5 0-1

[Event "IDS op-29 B"]
[Site "Dortmund"]
[Date "2001.07.22"]
[Round "9"]
[White "Friedrich, Dieter"]
[Black "Bildat, Juergen"]
[Result "0-1"]
[WhiteElo "1742"]
[BlackElo "1947"]
[PlyCount "62"]
[EventDate "2001.07.12"]
[Source "www.chesslib.no"]
[SourceDate "2004.05.04"]

1. d4 Nf6 2. c4 g6 3. Nc3 d5 4. Nf3 Bg7 5. e3 O-O 6. Bd3 c5 7. cxd5 Nxd5 8. O-O Nc6 9. Nxd5 Qxd5 10. e4 Qd6 11. d5 Nd4 12. Nxd4 Bxd4 13. Kh1 f5 14. f3 fxe4 15. fxe4 Bd7 16. Bh6 Rxf1+ 17. Qxf1 b6 18. Qe2 Be5 19. Rf1 Bg7 20. Bxg7 Kxg7 21. e5 Qxd5 22. Be4 Qxe5 23. Qf3 Rd8 24. Qf7+ Kh6 25. Rf4 Bf5 26. Rf1 Qxe4 27. a3 Qe2 28. Rg1 Rd2 29. h4 Qe4 30. Qf8+ Kh5 31. Rf1 Qxg2# 0-1